The Norton field guide to writing /

Bewaard in:
Bibliografische gegevens
Hoofdauteur: Bullock, Richard H.
Formaat: Boek
Taal:English
Gepubliceerd in: New York : W.W. Norton & Co., 2006.
Editie:1st ed.
Onderwerpen:
Tags: Voeg label toe
Geen labels, Wees de eerste die dit record labelt!
Thư viện lưu trữ: Mạng thư viện Đại học Đà Nẵng
LEADER 01199nam a22003251a 4500
001 000034859
003 11078
005 20220720111912.0
008 151027s2006 000 eng
020 |a 0393977765 (pbk.) 
040 |a lnn  |c lnn  |d lnn 
082 0 0 |a 808  |b BU-R 
100 1 |a Bullock, Richard H.  |q (Richard Harvey) 
245 1 4 |a The Norton field guide to writing /  |c Richard Bullock. 
250 |a 1st ed. 
260 |a New York :  |b W.W. Norton & Co.,  |c 2006. 
300 |a xxix, 514 p. :  |b ill. ;  |c 21 cm. 
504 |a Includes bibliographical references and index. 
650 0 |a English language  |x Rhetoric  |v Handbooks, manuals, etc. 
650 0 |a English language  |x Grammar  |v Handbooks, manuals, etc. 
650 0 |a Report writing  |v Handbooks, manuals, etc. 
OWN |a LNN 
AVA |a UDN50  |b LNN  |c English  |d 808BU-R  |e available  |t Error 5001 Not defined in file expand_doc_bib_avail.  |f 2  |g 0  |h N  |i 0  |j AN 
999 |a From the UDN01 
AVA |a UDN50  |b LNN  |c English  |d 808BU-R  |e available  |t Error 5001 Not defined in file expand_doc_bib_avail.  |f 2  |g 0  |h N  |i 0  |j AN 
TYP |a Monograph 
980 |a Mạng thư viện Đại học Đà Nẵng